[Event "EICC 2019"]
[Site "Skopia"]
[Date "2019.03.21"]
[Round "4.44"]
[White "Ivic, Velimir"]
[Black "Lagarde, Maxime"]
[Result "1-0"]
[WhiteElo "2487"]
[BlackElo "2631"]
[Annotator "TA"]
[PlyCount "57"]
[EventDate "2019.03.18"]
[EventType "swiss"]
[EventCountry "MKD"]
[SourceTitle "playchess.com"]
[Source "ChessBase"]
[SourceQuality "1"]

{[%evp 18,57,39,23,33,30,42,30,34,27,53,50,41,45,70,53,65,66,79,65,84,60,65,58,68,31,44,17,52,38,277,277,573,513,866,819,913,931,925,895,1041,1039]} 1. e4 c5 2. Nf3 Nc6 3. d4 cxd4 4. Nxd4 Nf6 5. Nc3 d6 6. Bg5 e6 7. Qd2 a6 8. O-O-O Bd7 9. f3 Nxd4 10. Qxd4 Be7 {B67: Sicilian: Richter-Rauzer: 7...a6 8 0-0-0 Bd7, lines without 9 f4 Be7} 11. Kb1 (11. h4 b5 12. Kb1 Rb8 13. g4 b4 14. Ne2 h5 15. gxh5 Rxh5 16. Ng3 Rh8 17. e5 dxe5 18. Qxe5 Rc8 19. Bxa6 {1-0 (31) Robson,R (2667)-Demchenko,A (2679) chess.com INT 2019}) 11... Qc7 12. g4 b5 {White has an edge.} 13. h4 Rb8 14. Be3 $146 ({Predecessor:} 14. h5 h6 15. Be3 b4 16. Ne2 O-O 17. Qd2 Nh7 18. e5 {½-½ (59) Manik,M (2410)-Mohite,R (2236) Mumbai 2018}) 14... O-O 15. h5 b4 16. Ne2 {[%cal Bc3e2,Be2g3,Bg3f5][%mdl 32]} e5 17. Qd2 Be6 18. g5 Nd7 19. Ng3 {And now Nf5 would win.} Nc5 {With the idea ...Na4.} 20. Nf5 {h6 is the strong threat.} Rfd8 21. g6 Na4 22. Nxe7+ Qxe7 23. Ka1 $1 $36 {[%mdl 2048] aiming for h6. White is pushing.} d5 $2 (23... Qd7 $1 $14) 24. h6 $18 ({And not} 24. exd5 Rxd5 25. Bd3 Ra5 $11) ({Not} 24. Bxa6 d4 $11) 24... hxg6 $2 (24... fxg6 25. Bg5 {[%mdl 64] Skewer} Qc7) 25. hxg7 {Intending Qh2 and mate.White is clearly winning.} f6 (25... dxe4 $142 26. Rh8+ Kxg7 27. Rxd8 Rxd8 28. Qxd8 Qxd8 29. Rxd8 exf3 30. Bxa6 f5) 26. Rh8+ Kxg7 {[#]} 27. Bc5 $1 {[%mdl 512] Qh6+ would kill now.} Rxh8 (27... Nxc5 28. Qh6+) 28. Bxe7 d4 29. f4 {Accuracy: White = 92%, Black = 45%.} 1-0

[Event "EICC 2019"]
[Site "Skopia"]
[Date "2019.03.21"]
[Round "4.45"]
[White "Zajic, Milan"]
[Black "Movsesian, Sergei"]
[Result "1/2-1/2"]
[WhiteElo "2485"]
[BlackElo "2627"]
[Annotator "TA"]
[PlyCount "25"]
[EventDate "2019.03.18"]
[EventType "swiss"]
[EventCountry "MKD"]
[SourceTitle "playchess.com"]
[Source "ChessBase"]
[SourceQuality "1"]

{[%evp 11,25,2,12,18,18,0,0,0,1,0,16,10,25,17,13,12]} 1. d4 Nf6 2. Nf3 g6 3. Bf4 Bg7 4. c3 d6 5. h3 O-O 6. e3 c5 7. dxc5 {A48: 1 d4 Nf6 2 Nf3 g6: Torre, London and Colle Systems} dxc5 8. Qxd8 Rxd8 9. Nbd2 Nc6 10. Bc7 Rf8 11. Bh2 Bf5 $146 ({Predecessor:} 11... b6 12. Bb5 Bb7 13. O-O Rfd8 14. Rfd1 Ne8 {1-0 (25) Kamsky,G (2680)-Arun Prasad,S (2520) Las Vegas 2015}) 12. g4 Bd7 13. Bg2 1/2-1/2

[Event "EICC 2019"]
[Site "Skopia"]
[Date "2019.03.21"]
[Round "4.46"]
[White "Sarana, Alexey"]
[Black "Fakhrutdinov, Timur"]
[Result "1-0"]
[WhiteElo "2625"]
[BlackElo "2485"]
[Annotator "TA"]
[PlyCount "69"]
[EventDate "2019.03.18"]
[EventType "swiss"]
[EventCountry "MKD"]
[SourceTitle "playchess.com"]
[Source "ChessBase"]
[SourceQuality "1"]

{[%evp 18,69,10,7,31,33,30,26,20,18,26,21,19,18,34,20,25,14,144,152,144,147,123,127,172,180,208,222,202,233,236,233,219,218,287,287,250,277,316,312,328,314,293,310,447,451,470,455,632,629,724,688,906,883]} 1. d4 Nf6 2. Nf3 d5 3. c4 e6 4. Nc3 dxc4 5. e4 Bb4 6. Bg5 c5 7. Bxc4 cxd4 8. Nxd4 Bxc3+ 9. bxc3 Qa5 10. Bb5+ Bd7 {D39: Queen's Gambit Declined: Ragozin Defence with 5 Bg5 dxc4} (10... Nbd7 11. Bxf6 Qxc3+ 12. Kf1 gxf6 13. h4 Qb4 14. Rh3 a6 15. Be2 Ne5 16. Rb1 Qd6 17. Rc3 O-O 18. Qd2 Ng6 19. h5 Nf4 20. Qe3 e5 21. Nc2 {½-½ (33) Grischuk,A (2766)-Karjakin,S (2773) Saint Louis 2018}) 11. Bxf6 $1 gxf6 12. Bxd7+ Nxd7 {White has an edge.} 13. O-O a6 14. Rb1 Qc7 {[#]} 15. Qh5 $146 {Nxe6 is the strong threat.} ({Predecessor:} 15. Qg4 Nc5 16. Rb4 Qe5 17. Qg7 O-O-O 18. Rc4 {1-0 (54) Edouard,R (2636)-Olszewski,M (2532) Warsaw 2010}) 15... Nc5 16. Qh6 Qe5 17. Rb4 {[%cal Bb1b4,Bb4c4,Bc4c7,Bc7f7][%mdl 32] And now Nf3 would win.} O-O-O {[#]} (17... Qg5 $1 $11 {remains equal.} 18. Qh3 Rg8) 18. Rc4 $1 $16 Kb8 19. Nf3 $36 {[%mdl 2048] Keeping Black busy.} Qc7 20. Qxf6 Nd7 21. Qd4 e5 22. Qd5 ({Don't play} 22. Rxc7 $6 exd4 23. Rc4 dxc3 $16) 22... Nb6 23. Rxc7 {[%csl Gc7][%cal Rd5b7]} Nxd5 24. Rxf7 Nxc3 25. Nxe5 Rd2 26. Nd7+ Ka7 27. e5 Rd8 {[#]} 28. e6 $1 Re8 29. Nf8 ({Not} 29. Rxh7 Rxe6 30. h4 Red6 $16) 29... Rxa2 30. f4 a5 (30... Rb2 $142 31. f5 Nd5) 31. f5 $18 {White is clearly winning.} a4 32. Nd7 Ne4 {intending ...Rg8.} 33. Rxh7 Rg8 34. g3 Rc8 35. e7 {Accuracy: White = 100%, Black = 29%.} 1-0

[Event "EICC 2019"]
[Site "Skopia"]
[Date "2019.03.21"]
[Round "4.47"]
[White "Radovanovic, Mihajlo"]
[Black "Jobava, Baadur"]
[Result "0-1"]
[WhiteElo "2483"]
[BlackElo "2622"]
[Annotator "TA"]
[PlyCount "68"]
[EventDate "2019.03.18"]
[EventType "swiss"]
[EventCountry "MKD"]
[SourceTitle "playchess.com"]
[Source "ChessBase"]
[SourceQuality "1"]

{[%evp 12,68,26,19,39,33,33,33,39,37,40,35,35,22,33,31,32,41,39,27,37,14,10,21,55,15,27,28,56,62,97,94,94,110,135,46,172,173,121,101,92,-110,-117,-372,-376,-375,-379,-512,-540,-527,-521,-520,-461,-1011,-987,-925,-616,-641,-566]} 1. d4 Nf6 2. Nf3 e6 3. c4 b6 4. a3 Bb7 5. Nc3 Ne4 6. Nxe4 Bxe4 7. e3 Bb7 {E12: Queen's Indian: Unusual White 4th moves, 4 a3, 4 Nc3 Bb7 5 a3 and 4 Nc3 Bb7} 8. Bd3 c5 9. O-O Be7 {White is slightly better.} 10. Bc2 $146 ({Predecessor:} 10. Rb1 O-O 11. d5 d6 12. b4 Nd7 13. Qc2 h6 14. dxe6 fxe6 15. Be4 {½-½ (48) Sundararajan,K (2513)-Duda,J (2663) Doha 2015}) 10... d6 11. d5 exd5 12. cxd5 Nd7 {[%cal Bb8d7,Bd7b6,Bb6c4][%mdl 32]} 13. e4 O-O 14. Bf4 Re8 15. Qd2 b5 16. Rad1 Nb6 17. Rfe1 Bf8 18. h4 Nc4 19. Qc1 Qf6 20. b3 Nxa3 21. e5 dxe5 22. Bxe5 Qa6 23. Be4 (23. Bf5 $1 $16) 23... c4 ({Black should play} 23... f6 $14) 24. Qf4 $1 $18 f6 (24... Rxe5 $18 25. Nxe5 Qf6 26. Qxf6 gxf6) 25. Bb2 $16 cxb3 {Threatens to win with ...Nc4.} 26. Ra1 $2 (26. Bf5 $1 $16 {stays on course.}) 26... b4 $1 $17 {And now ...Qd6 would win.} 27. h5 $2 {[%mdl 8192] [#]} (27. Nd4 $17 Qc4 28. Nc6 Rxe4 29. Qxe4 Qxe4 30. Rxe4) 27... Qd6 $1 $19 {[%cal Rd6f4]} 28. Qg4 Nc2 29. Bxh7+ Kxh7 {Black is clearly winning.} 30. Qg6+ {[#]} Kg8 $1 ({Inferior is} 30... Kh8 31. Rxe8 Rxe8 32. Qxe8 $11) 31. Rxe8 Rxe8 32. Rxa7 (32. Qxe8 $142 Nxa1 33. h6) 32... Re7 33. h6 Bxd5 34. Rxe7 Qxe7 {Accuracy: White = 41%, Black = 64%.} 0-1

[Event "EICC 2019"]
[Site "Skopia"]
[Date "2019.03.21"]
[Round "4.48"]
[White "Diermair, Andreas"]
[Black "Van Foreest, Jorden"]
[Result "1/2-1/2"]
[WhiteElo "2478"]
[BlackElo "2621"]
[Annotator "TA"]
[PlyCount "101"]
[EventDate "2019.03.18"]
[EventType "swiss"]
[EventCountry "MKD"]
[SourceTitle "playchess.com"]
[Source "ChessBase"]
[SourceQuality "1"]

{[%evp 9,101,5,1,0,0,0,0,0,0,0,9,-14,24,7,12,13,60,52,51,0,8,18,31,-24,-20,-79,-14,0,0,0,0,0,0,0,0,-162,0,-110,-61,-52,-65,-61,-70,-53,-36,-30,0,0,0,0,0,0,0,0,0,-58,-58,-45,-58,-72,-16,-16,-20,-80,-27,-48,-31,-122,-41,-43,-42,-56,-43,-41,0,0,0,0,0,0,0,0,0,0,0,0,0,0,0,0,0,0,0,0]} 1. d4 Nf6 2. c4 g6 3. Nc3 d5 4. Nf3 Bg7 5. h4 dxc4 6. e4 {D90: Grünfeld: 4 Nf3 Bg7 sidelines} c5 7. d5 b5 8. h5 O-O 9. hxg6 fxg6 10. Rh4 $146 ({Predecessor:} 10. d6 exd6 11. Nxb5 d5 12. Nc3 Re8 {1-0 (42) Mamedyarov,S (2814)-Navara,D (2745) Shamkir 2018}) 10... Nbd7 11. Nxb5 Ne8 $1 12. Nc3 Nd6 13. Bh6 {Bxg7 is the strong threat.} Bf6 14. Rh1 Rb8 15. Qd2 (15. Bxf8 Rxb2 16. Rc1 (16. Qc1 $2 Qa5 $19) 16... Kxf8 $19) 15... Ne5 16. Ng5 (16. Be2 $14) 16... Re8 $11 17. f4 (17. f3 $11) 17... Ng4 ({Black should play} 17... Nd3+ $1 $17 18. Bxd3 cxd3) 18. e5 Nf5 19. O-O-O Nfxh6 20. exf6 exf6 21. Nge4 Bf5 22. Nxc5 $2 (22. Re1 $11 {and White has nothing to worry.}) 22... Qb6 $2 (22... Qd6 $1 $19 {[%cal Rd6c5]} 23. Ne6 Qb6) 23. Ne6 (23. N5a4 $11 Qd6 24. Be2) 23... Ne3 24. Rxh6 Bc2 {[%csl Gb8][%cal Rb6b2]} 25. Qxe3 $1 {[%mdl 64] Remove Defender} Qxe3+ 26. Kxc2 Qb6 {[%csl Gb8][%cal Rb6b2]} ({Don't play} 26... Rxe6 $6 27. dxe6 Qxe6 28. Rd5 $16) 27. Rb1 Rxe6 28. dxe6 Qxe6 29. g4 $1 Kg7 $1 {[%cal Rg7h6]} 30. Rh4 Qe3 $36 {[%mdl 2048] Black has some pressure.} 31. Be2 {Strongly threatening Rbh1.} Rd8 {[%csl Gd8][%cal Re3d2]} 32. Rd1 ({Better is} 32. Rbh1 $11 h5 33. Kb1 (33. gxh5 {gets mated.} Qd2+ 34. Kb1 Rb8 35. h6+ Kh8 36. Na4 Rxb2+ {[%mdl 64] Deflection, Promotion} 37. Nxb2 c3 38. Nc4 c2+ 39. Kb2 c1=Q+ 40. Kb3 Qcc2+ {[%mdl 64] Double Attack} 41. Ka3 Qxa2#)) 32... Rxd1 $15 33. Kxd1 Qxf4 {Threatens to win with ...h5!} 34. Rh1 {[#]} f5 (34... h5 $1 $17 {[%cal Rh5g4][%mdl 512]} 35. gxh5 g5) 35. gxf5 $11 Qxf5 36. Rf1 (36. Rh4 $11 {remains equal.}) 36... Qe6 (36... Qe5 $17) 37. Kc2 g5 {[%mdl 1024] Black has compensation.} 38. Rg1 {[#]} (38. b3 $15) 38... Qf5+ (38... Qg6+ $1 $17 39. Kc1 h5 40. Bxc4 g4) 39. Kd1 $15 Kg6 40. Rg4 h5 41. Rxc4 Qd7+ 42. Kc2 {The position is equal.} g4 43. Bd3+ Kh6 44. Ne4 Qe6 45. Rc7 {And now Rh7+! would win.} Qe5 46. Rc6+ Kg7 47. Rc5 Qh2+ 48. Kc3 Kh6 49. Rc6+ Kg7 50. Rc5 Kh6 51. Rc6+ {Accuracy: White = 66%, Black = 56%.} 1/2-1/2

[Event "EICC 2019"]
[Site "Skopia"]
[Date "2019.03.21"]
[Round "4.49"]
[White "Indjic, Aleksandar"]
[Black "Livaic, Leon"]
[Result "1/2-1/2"]
[WhiteElo "2620"]
[BlackElo "2477"]
[Annotator "TA"]
[PlyCount "102"]
[EventDate "2019.03.18"]
[EventType "swiss"]
[EventCountry "MKD"]
[SourceTitle "playchess.com"]
[Source "ChessBase"]
[SourceQuality "1"]

{[%evp 9,102,0,7,4,9,12,9,6,15,-13,-12,-13,-16,-17,-10,-13,15,16,22,0,23,4,8,10,0,-35,0,0,0,0,0,-51,-40,-43,-42,-48,-33,-50,-43,-83,-74,-109,-58,-72,0,0,0,0,0,-73,-47,-145,-138,-130,-35,-258,-262,-266,-274,-260,-270,-249,-241,-247,-268,-237,-237,-381,-374,-375,-358,-367,0,-340,-337,-336,-257,-249,-210,-256,-255,-356,-370,-411,-108,-71,0,0,0,0,0,0,0,0,0]} 1. d4 e6 2. Bf4 Nf6 3. e3 d5 4. c3 Bd6 5. Nd2 b6 (5... O-O 6. Bd3 c5 7. Bg3 Nc6 8. Ngf3 b6 9. Ne5 Bb7 10. f4 Ne7 11. Qc2 c4 12. Be2 Nf5 13. Bf2 Be7 14. Ng4 Nxg4 15. Bxg4 Nd6 16. f5 exf5 17. Bxf5 Nxf5 18. Qxf5 {½-½ (35) Andreikin,D (2720)-Karjakin,S (2762) Baku 2015}) 6. Ngf3 {D00: 1 d4 d5: Unusual lines} Bb7 7. Ne5 O-O 8. Bd3 Nbd7 9. Qf3 Bxe5 10. Bxe5 Nxe5 11. dxe5 Nd7 $1 12. Qh3 {[%csl Gd3][%cal Rh3h7]} g6 (12... h6 {feels hotter.} 13. Nf3 a5 14. Bc2 Qe7 15. O-O a4) 13. f4 Qe7 $146 14. Qg3 f6 15. O-O-O fxe5 16. fxe5 Nc5 17. Nf3 Ne4 18. Bxe4 dxe4 19. Ng5 Rf5 $36 {[%mdl 2048] Black has good play.} 20. h4 (20. Nh3 $11) 20... Bd5 $15 21. Rd4 c5 22. Rd2 Qg7 23. Rhd1 b5 (23... Rxe5 $6 24. c4 $1 $16 {[%mdl 512]}) 24. Rf2 Raf8 (24... Bxa2 25. Nxe4 Rxf2 26. Qxf2 $16) 25. Rxf5 Rxf5 ({Black should try} 25... gxf5 $17 26. Qh2 Rb8) 26. Nh3 Bxa2 (26... b4 $17 {White must now prevent ...bxc3.} 27. cxb4 Bxa2 28. Rd8+ (28. bxc5 Qc7 $15) 28... Rf8) 27. Rd8+ $11 Rf8 28. Rxf8+ Qxf8 29. Nf2 (29. Qg5 $11 {keeps the balance.}) 29... Qf5 30. b4 (30. Qf4 $15) 30... cxb4 $17 31. cxb4 {[#]} Bd5 (31... a5 $1 $17 {[%mdl 512] Threatens to win with ...Bc4.} 32. Qf4 (32. bxa5 Qf8) 32... Qxf4 33. exf4 e3) 32. Kc2 $2 (32. Qf4 $15) 32... Qf8 $19 33. Ng4 Qxb4 34. Nf6+ Kf7 {( -> ...Bb3+)} 35. Nxd5 Qc4+ ({Resist} 35... exd5 36. Qf4+ Ke8 37. e6) 36. Nc3 {Qf4+ is the strong threat.} b4 37. Qf4+ Kg8 38. Qf6 (38. Qxe4 $142 Qxc3+ 39. Kb1) 38... Qxc3+ {[%mdl 4096] Endgame KQ-KQ} 39. Kb1 Qd3+ 40. Kb2 Qc3+ 41. Kb1 Qb3+ (41... Qxe3 $2 42. Qxe6+ Kg7 43. Qf6+ Kh6 44. e6 $19) 42. Ka1 {intending Qd8+.} Qa4+ ({Less strong is} 42... Qxe3 43. Qxe6+ Kg7 44. Qf6+ Kh6 45. e6 $17) 43. Kb2 Qe8 44. Kb3 a5 45. g4 Qd7 46. g5 Qd5+ $2 (46... Qd1+ $19 {has better winning chances.} 47. Kb2 Qd2+ 48. Kb3 Qd7) 47. Ka4 $17 {[#]} b3 (47... Qc6+ $1 $17 48. Kxa5 b3 49. Qd8+ Kf7) 48. Qe7 $1 $11 {The position is equal.} Qc4+ 49. Ka3 $1 Qc1+ {[%mdl 64] Double Attack} 50. Ka4 Qc4+ 51. Ka3 $1 Qc1+ {[%mdl 64] Double Attack. Accuracy: White = 49%, Black = 47%.} 1/2-1/2

[Event "EICC 2019"]
[Site "Skopia"]
[Date "2019.03.21"]
[Round "4.50"]
[White "Pavlov, Sergey"]
[Black "Postny, Evgeny"]
[Result "1/2-1/2"]
[WhiteElo "2471"]
[BlackElo "2619"]
[Annotator "TA"]
[PlyCount "56"]
[EventDate "2019.03.18"]
[EventType "swiss"]
[EventCountry "MKD"]
[SourceTitle "playchess.com"]
[Source "ChessBase"]
[SourceQuality "1"]

{[%evp 20,56,38,29,33,33,39,50,45,40,47,33,41,29,57,64,61,45,64,14,3,0,0,0,0,0,0,0,0,0,0,0,0,0,8,8,8,8,8]} 1. c4 Nf6 2. Nc3 e5 3. Nf3 Nc6 4. e3 Bb4 5. Qc2 O-O 6. Nd5 Re8 7. Qf5 d6 8. Nxf6+ Qxf6 9. Qxf6 gxf6 10. a3 Bc5 11. b4 {[%cal Bb2b4,Bb4b5][%mdl 32]} Bb6 {A28: English Opening: Four Knights Variation} 12. Bb2 a5 13. b5 Nd8 {White is slightly better.} 14. a4 Ne6 15. Be2 c6 16. O-O Bd7 17. Rfd1 cxb5 18. axb5 d5 {[#]} 19. d4 $146 (19. d3 {feels hotter.} a4 20. Nd2 d4 21. Ne4 Kg7 22. Nd6) ({Predecessor:} 19. cxd5) 19... dxc4 {The position is equal.} 20. Bxc4 (20. Nd2 {seems wilder.} exd4 21. Ne4 c3 22. Bxc3 Kg7 23. Bb2) 20... exd4 21. Nxd4 Nxd4 22. Bxd4 Bxd4 23. Rxd4 Be6 24. g3 Bxc4 25. Rxc4 Re5 26. Rb1 a4 27. Ra1 a3 28. Rc3 Rxb5 {Accuracy: White = 89%, Black = 92%.} 1/2-1/2

[Event "EICC 2019"]
[Site "Skopia"]
[Date "2019.03.22"]
[Round "5.1"]
[White "Chigaev, Maksim"]
[Black "Artemiev, Vladislav"]
[Result "1/2-1/2"]
[WhiteElo "2613"]
[BlackElo "2736"]
[Annotator "TA"]
[PlyCount "19"]
[EventDate "2019.03.18"]
[EventType "swiss"]
[EventCountry "MKD"]
[SourceTitle "playchess.com"]
[Source "ChessBase"]
[SourceQuality "1"]

{[%evp 18,19,30,0]} 1. e4 c5 2. Nf3 d6 3. d4 cxd4 4. Nxd4 Nf6 5. Nc3 a6 6. Be3 $146 ({Predecessor:} 6. f3 e6 7. Be3 b5 8. a3 h5 9. Be2 Nbd7 10. O-O Bb7 11. Qe1 Be7 12. a4 b4 13. Na2 a5 14. c3 bxc3 15. Nxc3 O-O {½-½ (31) Saric,I (2692)-Wojtaszek,R (2749) Germany 2019}) 6... Ng4 7. Bc1 Nf6 8. Be3 Ng4 9. Bc1 Nf6 10. Be3 1/2-1/2

[Event "EICC 2019"]
[Site "Skopia"]
[Date "2019.03.22"]
[Round "5.2"]
[White "Erdos, Viktor"]
[Black "Cheparinov, Ivan"]
[Result "1/2-1/2"]
[WhiteElo "2612"]
[BlackElo "2683"]
[Annotator "TA"]
[PlyCount "41"]
[EventDate "2019.03.18"]
[EventType "swiss"]
[EventCountry "MKD"]
[SourceTitle "playchess.com"]
[Source "ChessBase"]
[SourceQuality "1"]

{[%evp 18,41,24,22,22,1,22,11,21,8,10,0,0,0,3,7,9,10,10,7,7,7,14,8,7,11]} 1. Nf3 d5 2. d4 Nf6 3. c4 e6 4. Nc3 Bb4 5. Bg5 h6 6. Bxf6 Qxf6 7. e3 O-O 8. Rc1 dxc4 9. Bxc4 c5 10. O-O {Hoping for Ne4.} cxd4 {The position is equal. D38: Queen's Gambit Declined: Ragozin Defence (4 Nf3 Bb4)} 11. Ne4 (11. exd4 Rd8 12. Ne4 Qe7 13. a3 Ba5 14. Qc2 Nc6 15. Rfd1 Bb6 16. Qc3 Bd7 17. b4 Rac8 18. Nc5 {½-½ (63) Korobov,A (2698)-Cheparinov,I (2709) St Petersburg 2018}) 11... Qe7 12. Nxd4 Bd7 13. Be2 Nc6 14. a3 Nxd4 15. Qxd4 Ba5 $1 16. Qc5 Bd8 17. Qxe7 Bxe7 18. Rc7 {[#]} Rfd8 $146 19. Rxb7 Rab8 20. Rxb8 Rxb8 21. b4 1/2-1/2

[Event "EICC 2019"]
[Site "Skopia"]
[Date "2019.03.22"]
[Round "5.3"]
[White "Deac, Bogdan-Daniel"]
[Black "Rodshtein, Maxim"]
[Result "0-1"]
[WhiteElo "2609"]
[BlackElo "2673"]
[Annotator "TA"]
[PlyCount "104"]
[EventDate "2019.03.18"]
[EventType "swiss"]
[EventCountry "MKD"]
[SourceTitle "playchess.com"]
[Source "ChessBase"]
[SourceQuality "1"]

{[%evp 19,104,1,16,0,0,0,0,-11,0,-31,-20,-33,-29,-33,-41,-32,-54,-47,-36,-42,-32,-40,-27,-26,-26,-31,-25,-31,0,-61,-39,-55,-68,-62,-51,-47,-46,-45,-35,-76,-61,-71,0,-94,-83,-89,-84,-83,-68,-78,-83,-97,-74,-77,-77,-87,-85,-84,-83,-120,-108,-124,-129,-182,-175,-179,-85,-92,-90,-177,-177,-181,-174,-157,-163,-204,-179,-207,-145,-445,-419,-404,-389,-458,-428,-516,-506]} 1. e4 c5 2. Nf3 d6 3. d4 cxd4 4. Nxd4 Nf6 5. Nc3 a6 6. h4 {B90: Sicilian Najdorf: Unusual White 6th moves, 6 Be3 Ng4 and 6 Be3 e5} (6. a4 g6 7. Be2 Bg7 8. Be3 Nc6 9. O-O O-O 10. Qd2 Nxd4 11. Bxd4 Be6 12. a5 Rc8 13. Ra4 Rc6 14. f4 Qd7 15. Rb4 Rfc8 16. Bd3 Bc4 17. h3 Bxd3 18. Qxd3 {1-0 (42) Vitiugov,N (2726)-Duda,J (2731) Prague 2019}) 6... e5 7. Nb3 Be7 8. Bg5 Be6 9. Bxf6 Bxf6 10. g3 Be7 {LiveBook: 6 Games} 11. Qd2 Nd7 12. O-O-O Nf6 $146 ({Predecessor:} 12... Nb6 13. f4 Rc8 {1-0 (41) Dastan,B (2552)-Esen,B (2487) Ankara 2018}) 13. f4 b5 14. Bh3 (14. Qg2 {with more complications.} Qc7 15. Kb1 h5 16. Nd5 Bxd5 17. exd5 O-O 18. Qd2) 14... O-O 15. fxe5 dxe5 16. Qxd8 Raxd8 17. Rxd8 Rxd8 18. Bxe6 fxe6 19. a3 Rc8 20. Kd2 {[#]} a5 $1 {[%mdl 512]} 21. Kd3 $1 (21. Nxa5 b4) 21... Rd8+ 22. Ke3 a4 23. Nc1 Bc5+ 24. Ke2 (24. Kf3 $1 $11) 24... Bd4 25. N1a2 Nh5 $36 {[%mdl 2048] White is under pressure.} 26. Rh3 Rf8 27. Nd1 Nf6 28. Nac3 Rb8 29. Kd3 Nd7 30. Ke2 Nf6 31. Kd3 Kf7 32. h5 g5 33. hxg6+ Kxg6 34. Rh1 h5 35. Rf1 Nd7 36. Ke2 Nc5 37. Rf3 Bxc3 38. Nxc3 $17 {[%mdl 4096] Endgame KRN-KRN} b4 39. Nd1 Nxe4 40. Re3 Kf5 41. Rf3+ (41. Kf3 $17 Nd2+ 42. Ke2) 41... Kg4 $1 $19 42. Ne3+ {[#]} Kg5 (42... Kh3 $1 $19 {and Black stays clearly on top. aiming for ...bxa3.} 43. Nf1 bxa3 44. bxa3 Rc8) 43. Nc4 $17 bxa3 44. Rxa3 (44. bxa3 $17 Rc8 45. Nxe5) 44... Rb4 $19 45. Nxe5 Rxb2 46. Kd3 {[#]} Rb4 $1 47. Nf3+ Kf6 48. Nd4 e5 49. c3 $2 {[%mdl 8192]} (49. Kxe4 $17 {was called for.} Rxd4+ 50. Ke3) 49... Nc5+ 50. Kc2 Rb6 51. Ne2 Kf5 52. c4 Rb3 {Accuracy: White = 50%, Black = 62%.} 0-1

[Event "EICC 2019"]
[Site "Skopia"]
[Date "2019.03.22"]
[Round "5.4"]
[White "Berkes, Ferenc"]
[Black "Pantsulaia, Levan"]
[Result "1-0"]
[WhiteElo "2666"]
[BlackElo "2611"]
[Annotator "TA"]
[PlyCount "137"]
[EventDate "2019.03.18"]
[EventType "swiss"]
[EventCountry "MKD"]
[SourceTitle "playchess.com"]
[Source "ChessBase"]
[SourceQuality "1"]

{[%evp 16,137,44,45,52,47,75,78,81,83,109,112,159,153,153,131,139,134,174,133,191,194,197,129,222,216,198,61,254,245,272,274,248,0,8,6,75,-7,89,32,199,177,209,154,145,159,154,161,147,156,164,140,158,113,105,0,152,0,121,132,121,6,7,3,24,0,0,0,47,23,16,13,35,9,16,0,0,0,18,0,0,0,0,0,0,0,0,0,20,20,18,31,41,41,44,0,77,85,197,197,1154,1139,1031,659,791,577,5644,5644,5644,5644,5644,5490,29973,29975,29980,29981,29981,29977,29976,29977,29983,29984,29984,29985]} 1. d4 Nf6 2. Nf3 g6 3. Bg5 Bg7 4. Nbd2 h6 5. Bh4 d6 6. e4 g5 7. Bg3 Nh5 8. c3 Nd7 9. Nc4 O-O {A48: 1 d4 Nf6 2 Nf3 g6: Torre, London and Colle Systems} 10. Ne3 e6 11. Nd2 Nxg3 {White is better.} 12. hxg3 f5 13. Bd3 $146 ({Predecessor:} 13. exf5 exf5 14. Bc4+ Kh8 15. Bd3 Qe8 16. Kf1 Nb6 17. Qc2 {0-1 (40) Lorenzini,M (2430)-Flores,D (2621) Villa Constitucion 2018}) 13... Nb6 14. Qe2 d5 15. exf5 exf5 16. O-O-O Qd6 17. f4 Bd7 (17... g4 $16 18. Nb3 Qg6) 18. fxg5 Rae8 19. Rde1 (19. Qf3 $18) 19... f4 (19... hxg5 $16 20. Qh5 Rf6) 20. gxf4 $18 Qxf4 21. Bc2 (21. Nf3 $18) 21... Qxg5 $2 (21... Bb5 $1 $14 22. Qxb5 Rxe3) 22. Qd3 Rf7 23. Nf3 Qf4 {Black wants to play ...Nc4.} 24. Rh4 $2 (24. Qh7+ $18 Kf8 25. Nh4) 24... Qg3 $1 $11 25. Reh1 Kf8 (25... Qf2 $1 $11 26. Ng4 Bxg4 27. Rxg4 (27. Qh7+ Kf8 $11) 27... Nc4) 26. Kb1 (26. Qd2 $16) 26... a6 (26... Qf2 $11 {keeps the balance.} 27. Ng4 {[%mdl 64] Double Attack} Qxg2) 27. b3 (27. Qd2 $16) 27... Bb5 $2 {[#]} (27... Qf2 $14 28. Ng4 {[%mdl 64] Double Attack} Qxg2) 28. Qd2 $1 $36 {[%mdl 2048] White is in control.} Bd7 29. a4 c6 30. Rh5 Nc8 31. Nf5 Bxf5 32. Bxf5 (32. Rxf5 $6 Nd6 $14) 32... Ne7 33. Bc2 Ng8 34. Nh4 Ne7 35. Nf3 Ng8 $1 36. Nh4 Ne7 $1 37. Re1 Rf2 38. Qe3 ({White should play} 38. Qc1 $16) 38... Qxe3 $11 39. Rxe3 b5 40. axb5 axb5 41. b4 Rd8 (41... Nc8 {feels hotter.} 42. Rxe8+ Kxe8 43. Nf5 Bf8 44. g4 Nb6) 42. Rf3+ (42. g4 {seems wilder.} Rd7 43. Nf3 Rd6 44. Ne5 Re6 45. Bf5) 42... Rxf3 43. Nxf3 Rd6 44. Kc1 Nc8 45. Kd2 Nb6 46. Bd3 Bf6 47. Rh1 Re6 48. Ra1 Na4 49. Bf5 Re7 50. Rh1 Kg7 51. Re1 Kf7 52. Ne5+ Kg7 53. Re2 c5 54. bxc5 Nxc5 55. Bd3 h5 (55... Bxe5 $11 56. Rxe5 Rxe5 57. dxe5 Nd7) 56. dxc5 $16 Rxe5 {[#]} (56... Bxe5 $16 57. Kc2 (57. Bxb5 Kf6 $14) 57... Kf7) 57. c6 $1 $18 {[%cal Rc6c7] Hoping for c7.} ({Don't take} 57. Bxb5 $6 Bg5+ 58. Kc2 Kf6 $14) 57... Rxe2+ $2 (57... Bg5+ 58. Kc2 Rxe2+ 59. Bxe2 Bf4) 58. Bxe2 {[%mdl 4096] Endgame KB-KB} ({Less strong is} 58. Kxe2 Bd8 $14) 58... Bd8 59. Bxh5 Ba5 60. Kd3 Kf6 61. Kd4 Ke7 62. Kc5 Kd8 63. Kxb5 Bxc3 64. Kb6 {White mates.} Bd4+ 65. Kb7 Be5 66. Be2 Bg3 67. Bd3 Bf4 68. g4 d4 {[#]} 69. g5 $1 {[%mdl 512] Accuracy: White = 60%, Black = 33%.} 1-0